000 00654cab a2200193 4500
001 MEN3
008 090401t1981 xxu||||| |||| 00| 0 eng d
035 _a(Sirsi) u15012
041 _aeng
100 _aMcDowell, P.
245 _aRecent developments in geophysical techniques for the rapid location of near-surface anomalous ground conditions
260 _c1981
350 _a0
490 _aGround Engineering
_vApril 1981, 20-23(4)
520 _aCitation from CSM article `Detecting mineshafts using geophysical techniques` CSM:M 3(1) September 1993, 4-6. Stored on gallery.
690 _aMINING AND MINERALS
942 _n0
948 _c04/03/1997
999 _c9802
_d9802